|
|
|
|
| LEADER |
00000cam a2200000 4500 |
| 001 |
vtls011871838 |
| 003 |
SK-MaSNL |
| 005 |
20260425233817.0 |
| 008 |
200507s2018 xo oda frnf 000 0 slo |
| 015 |
|
|
|a SNBA2019/07
|
| 020 |
|
|
|a 9788081182143
|q (brožované)
|
| 035 |
|
|
|a urn:nbn:sk:snk-am00dyc5
|
| 035 |
|
|
|a urn:nbn:sk:snk-am3i9dx
|
| 035 |
|
|
|a 8AC91EB2-F3BD-4500-8EB8-B987B9DCF28E
|
| 040 |
|
|
|a SNK
|b slo
|c SNK
|e rda
|
| 041 |
0 |
|
|a slo
|
| 044 |
|
|
|a xo
|c SK
|
| 072 |
|
7 |
|a 54
|x Chémia. Mineralogické vedy
|2 konspekt
|
| 072 |
|
7 |
|a 37
|x Výchova a vzdelávanie
|2 konspekt
|
| 080 |
|
|
|a 54
|2 2011
|
| 080 |
|
|
|a 37.01/.09
|2 2011
|
| 080 |
|
|
|a (072)
|2 2011
|
| 080 |
|
|
|a (076.1/.3)
|2 2011
|
| 100 |
1 |
|
|a Siváková, Mária
|4 aut
|9 11830
|
| 245 |
1 |
0 |
|a Rozvíjanie kompetencií žiakov prostredníctvom učebných úloh z chémie
|c Mária Siváková, Mária Ganajová, Hana Čtrnáctová, Ivana Sotáková
|
| 264 |
|
1 |
|a Bratislava
|b Štátny pedagogický ústav
|c 2018
|
| 300 |
|
|
|a 165 strán
|b farebné fotografie, grafy, ilustrácie (prevažne farebné), tabuľky
|c 30 cm
|
| 336 |
|
|
|a text
|b txt
|2 rdacontent
|
| 337 |
|
|
|a bez média
|b n
|2 rdamedia
|
| 338 |
|
|
|a zväzok
|b nc
|2 rdacarrier
|
| 504 |
|
|
|a Obsahuje bibliografiu na strane 78-81 ;105
|
| 650 |
0 |
7 |
|a chémia
|2 SNKPH
|9 749
|
| 650 |
0 |
7 |
|a vzdelávanie
|2 SNKPH
|9 4033
|
| 650 |
0 |
7 |
|a Chemistry
|2 SNKPHeng
|9 265248
|
| 650 |
0 |
7 |
|a Education
|2 SNKPHeng
|9 265320
|
| 655 |
|
7 |
|a metodické príručky
|2 SNKPH
|9 70250
|
| 655 |
|
7 |
|a zbierky úloh
|2 SNKPH
|9 70562
|
| 655 |
|
7 |
|a Methodological manuals
|2 SNKPHeng
|9 270866
|
| 655 |
|
7 |
|a Examinations, questions etc.
|2 SNKPHeng
|9 286217
|
| 700 |
1 |
|
|a Ganajová, Mária,
|d 1960-
|4 aut
|9 206279
|
| 700 |
1 |
|
|a Čtrnáctová, Hana,
|d 1952-
|4 aut
|9 42087
|
| 700 |
1 |
|
|a Sotáková, Ivana,
|d 1983-
|4 aut
|9 220129
|
| 919 |
|
|
|a 978-80-8118-214-3
|
| 958 |
|
|
|a NB
|
| 999 |
|
|
|c 776313
|d 778243
|
| 952 |
|
|
|a SNK
|b SNK
|y PREZ
|7 0
|p 17A1374477
|o snkSB 94266
|i snk2019/18291
|8 0
|0 0
|1 0
|4 0
|d 2019-07-10
|f 1
|l 0
|r 2025-05-14 00:00:00
|w 2026-02-24
|
| 952 |
|
|
|a SNK
|b SNK
|y VYP
|7 0
|p 17A1374478
|o snkSB 94266 D1
|i snk2019/18292
|8 0
|0 0
|1 0
|4 0
|d 2019-07-10
|l 0
|r 2026-02-24 00:50:01
|w 2026-02-24
|